Musicians By Initial: The Letter B - Statistics

General Stats
  • This quiz has been taken 394 times
  • The average score is 10 of 22
Answer Stats
Hint Answer % Correct
BM Was in the Left Handed Marriage before playing lead guitar for Queen Brian May
81%
BA Canadian rock star whose 'Run To You' hit the US and UK top ten in 1984 Bryan Adams
78%
BK Best known for 'Stand By Me', he had previously been in the Drifters Ben E King
77%
BH Rock & Roller who hit the top in 1957 with 'That'll Be The Day' Buddy Holly
72%
BD Writer of 'A Hard Rain's a-Gonna Fall' & 'Knockin' on Heaven's Door' amongst others... Bob Dylan
71%
BJ Singer whose Albums include 'Innocent Man', 'Glass Houses' and 'The Stranger' Billy Joel
69%
BI Singer with Generation X, he achieved greater fame as a solo artist Billy Idol
56%
BT Long time lyricist for Elton John Bernie Taupin
55%
BE Singer who won four Grammies in 2019 Billie Eilish
55%
BL In 1958 she was 'Rocking Around The Christmas Tree' Brenda Lee
55%
BS Original lead singer for AC/DC Bon Scott
49%
BW aka The Walrus Of Love Barry White
48%
BC Lead singer of the Smashing Pumpkins Billy Corgan
43%
BF Lead singer of The Killers Brandon Flowers
39%
BB Songwriter who often teamed up with Hal David Burt Bacharach
37%
BU The male one in Abba who didn't have a beard. Not initially anyway... Björn Ulvaeus
27%
BV Like a 'Rubber Ball' he came "bouncing back to you..." Bobby Vee
21%
BG Singer who had a worldwide hit with 'Honey' in 1968 Bobby Goldsboro
17%
BP Duetted with Syreeta on 1980's 'With You I'm Born Again' Billy Preston
15%
BN Leader of Be-Bop Deluxe, later played with a Red Noise Bill Nelson
13%
BO Norfolk (UK) born female singer, her most successful album was 2002's 'Daybreaker Beth Orton
8%
BR He was the 'Wild One' back in 1960 Bobby Rydell
6%
No matching quizzes found
Score Distribution
Percent of People with Each Score
Percentile by Number Answered
Your Score History
You have not taken this quiz